[Event "R1 Ramonville2-CEIT4"]
[Site "CEIT"]
[Date "2004.11.07"]
[Round "2.2"]
[White "Laffont, Jean-Christophe"]
[Black "Damiano, Herve"]
[Result "0-1"]
[WhiteElo "1570"]
[BlackElo "1730"]
[EventDate "2004.??.??"]
[PlyCount "137"]

1.d4 Nf6 2.c4 g6 3.e3 Bg7 4.Nf3 O-O 5.Bd3 d6 6.O-O Nbd7 7.Nbd2 Re8 8.Rb1 
e5 9.e4 exd4 10.Nxd4 Nc5 11.Bc2 Nfxe4 12.Nxe4 Nxe4 13.Nf3 a5 14.Re1 Nf6 
15.Bg5 Be6 16.Qd4 h6 17.Bh4 g5 18.Bg3 Nd5 19.Qd3 Nb4 20.Qh7+ Kf8 21.Bf5 
Bxf5 22.Rxe8+ Qxe8 23.Qxf5 Nxa2 24.Qh7 Qe6 25.h4 g4 26.Re1 Qg6 27.Qxg6 
fxg6 28.Nh2 h5 29.b3 Re8 30.Rd1 Re2 31.f3 gxf3 32.Nxf3 Rb2 33.Rf1 Kg8 34.
c5 dxc5 35.Bxc7 Rxb3 36.Bxa5 b5 37.Bb6 c4 38.Bd8 c3 39.Bg5 c2 40.Kh2 Rb1 
41.Rf2 c1=Q 42.Bxc1 Nxc1 43.Rc2 Nd3 44.Ng5 Be5+ 45.g3 Rb2 46.Rxb2 Nxb2 47.
Ne4 Nc4 48.Nc5 Nd2 49.Kh3 b4 50.g4 b3 51.Nxb3 Nxb3 52.gxh5 gxh5 53.Kg2 Kg7
54.Kh3 Kg6 55.Kg2 Kf5 56.Kf3 Nd4+ 57.Kg2 Kg4 58.Kh1 Kxh4 59.Kg2 Kg4 60.Kh1
h4 61.Kg2 Nc2 62.Kh1 Ne3 63.Kg1 Nd1 64.Kg2 h3+ 65.Kh1 Kg3 66.Kg1 Bd4+ 67.
Kh1 Nf2+ 68.Kg1 h2+ 69.Kf1 0-1

[Event "R1 Ramonville2-CEIT4"]
[Site "CEIT"]
[Date "2004.11.07"]
[Round "2.1"]
[White "Rouveret, Philippe"]
[Black "Favarel, Alexis"]
[Result "1-0"]
[WhiteElo "1700"]
[BlackElo "1630"]
[EventDate "2004.??.??"]
[PlyCount "44"]

1.e4 e5 2.Nf3 Nc6 3.Bc4 Be7 4.d4 exd4 5.Nxd4 d6 6.O-O Nf6 7.Nc3 O-O 8.h3 
Nxe4 9.Nxe4 d5 10.Nxc6 bxc6 11.Bd3 dxe4 12.Bxe4 Qxd1 13.Rxd1 Bb7 14.Bf4 
Bf6 15.Bxc7 Rac8 16.Rd7 Rfe8 17.Bf3 Ba8 18.c3 Bd8 19.Bxd8 Rexd8 20.Rad1 
Re8 21.Rxa7 Re6 22.Bg4 Rf6 1-0

[Event "R1 Millau-Albi2"]
[Site "Millau"]
[Date "2004.11.07"]
[Round "2.5"]
[White "Balard, Philippe"]
[Black "Reyna, Quentin"]
[Result "0-1"]
[WhiteElo "1499"]
[BlackElo "1530"]
[EventDate "2004.??.??"]
[PlyCount "88"]

1.e4 c5 2.d3 Nc6 3.Bd2 Nf6 4.Na3 g6 5.Bc3 Bg7 6.Nf3 d6 7.Nc4 b5 8.Ne3 b4 
9.Bd2 Ng4 10.Rb1 Nxe3 11.Bxe3 Qa5 12.b3 Bg4 13.Be2 Ne5 14.O-O Nxf3+ 15.
Bxf3 Bxf3 16.Qxf3 Qxa2 17.e5 Bxe5 18.Qxa8+ Kd7 19.Qb7+ Ke6 20.Rfe1 Qxc2 
21.Qe4 d5 22.Qg4+ f5 23.Qe2 Qxe2 24.Rxe2 Kd6 25.Rc1 Bc3 26.Ra2 Ra8 27.Ra6+
Kc7 28.Bxc5 Kb7 29.Ra4 a5 30.Ra2 e5 31.f3 Ka6 32.Kf1 Kb5 33.Be3 d4 34.Bd2 
a4 35.Bxc3 dxc3 36.Raa1 a3 37.Re1 Re8 38.Re2 Kc5 39.Rae1 h6 40.Rxe5+ Rxe5 
41.Rxe5+ Kd4 42.Re1 Kxd3 43.Rc1 Kd2 44.Re1 c2 0-1

[Event "R1 Millau-Albi2"]
[Site "Millau"]
[Date "2004.11.07"]
[Round "2.4"]
[White "De Baracle, Michel"]
[Black "Barwik, Stephen"]
[Result "1/2-1/2"]
[WhiteElo "1550"]
[BlackElo "1590"]
[EventDate "2004.??.??"]
[PlyCount "178"]

1.d4 Nf6 2.c4 d6 3.Nc3 g6 4.e4 Bg7 5.Be2 Bd7 6.Bg5 h6 7.Be3 Nc6 8.Qd2 e5 
9.d5 Ne7 10.O-O-O c6 11.f3 cxd5 12.exd5 a6 13.Kb1 Nf5 14.Bf2 g5 15.g4 Nh4 
16.Bd3 Rc8 17.Qe2 Ng6 18.Bxg6 fxg6 19.Qd3 Kf7 20.Nge2 h5 21.h3 Qe7 22.Ng3 
h4 23.Nge4 Nh7 24.b3 Rhf8 25.Qe3 Kg8 26.Rhf1 b5 27.c5 b4 28.Ne2 Bb5 29.
Nxd6 Rb8 30.Nxb5 axb5 31.d6 Qf6 32.Qe4 Qxf3 33.Qxf3 Rxf3 34.d7 Bf6 35.c6 
Bd8 36.Rc1 Bc7 37.Ng1 Rf6 38.Be3 Kg7 39.Rxf6 Kxf6 40.Bc5 Ke6 41.Bxb4 Nf6 
42.Nf3 Ne4 43.Rc2 Kd5 44.Be7 b4 45.Rc4 Nd6 46.Bxd6 Kxd6 47.Nxg5 Rf8 48.Rc1
Bd8 49.Ne4+ Ke6 50.Nc5+ Kd6 51.Nb7+ Kc7 52.Nxd8 Rxd8 53.Rc4 Rf8 54.Kc2 e4 
55.Kd2 Rf3 56.Rxe4 Rxh3 57.Re8 Rh2+ 58.Ke3 Rh3+ 59.Kf4 Rd3 60.Re3 g5+ 61.
Ke4 Rc3 62.Rf3 Rxc6 63.Rd3 Kd8 64.Kf5 Rc5+ 65.Kg6 Rc2 66.Kxg5 h3 67.Rxh3 
Kxd7 68.Kg6 Rxa2 69.g5 Rc2 70.Rh7+ Kd8 71.Rb7 Rc6+ 72.Kh5 Ke8 73.Rxb4 Rc7 
74.g6 Kf8 75.Rf4+ Kg8 76.Kg5 Rb7 77.b4 Rb5+ 78.Kh6 Rb6 79.Rc4 Kf8 80.Rc8+ 
Ke7 81.Rc4 Kf8 82.Rf4+ Kg8 83.Re4 Kf8 84.Rg4 Kg8 85.Kh5 Kg7 86.Kh4 Rb5 87.
Kg3 Rf5 88.Kh4 Rb5 89.Kg3 Rf5 1/2-1/2

[Event "R1 Millau-Albi2"]
[Site "Millau"]
[Date "2004.11.07"]
[Round "2.3"]
[White "Calvignac, Maurice"]
[Black "Lopez, Jacky"]
[Result "1-0"]
[WhiteElo "1620"]
[BlackElo "1580"]
[EventDate "2004.??.??"]
[PlyCount "79"]

1.d4 d5 2.g3 Nf6 3.Bg2 e6 4.a3 Nc6 5.c3 Be7 6.Nd2 O-O 7.Ngf3 a6 8.O-O Bd7 
9.Re1 b5 10.Qc2 h6 11.e4 dxe4 12.Nxe4 Rb8 13.Nc5 Bxc5 14.dxc5 Ne7 15.Ne5 
c6 16.Rd1 Ned5 17.c4 bxc4 18.Qxc4 a5 19.Rb1 Qc7 20.Bf4 Nxf4 21.Qxf4 Nd5 
22.Bxd5 cxd5 23.b4 axb4 24.axb4 Bb5 25.Rdc1 Ra8 26.Ra1 Rad8 27.Ra5 Bc6 28.
Nxc6 Qxc6 29.b5 Qb7 30.c6 Qb6 31.Qb4 Ra8 32.Rxa8 Rxa8 33.c7 Qb7 34.Qc5 Qc8
35.b6 Kh7 36.Qd6 Kg6 37.Rb1 Qb7 38.Rc1 Qc8 39.Qc6 Ra6 40.Qb5 1-0

[Event "R1 Millau-Albi2"]
[Site "Millau"]
[Date "2004.11.07"]
[Round "2.2"]
[White "Homere, Cedric"]
[Black "Croux, Laurent"]
[Result "0-1"]
[WhiteElo "1590"]
[BlackElo "1790"]
[EventDate "2004.??.??"]
[PlyCount "120"]

1.c4 e5 2.e3 d6 3.Qc2 f5 4.Be2 Nf6 5.d3 Be7 6.Nc3 a5 7.Bd2 Na6 8.Nd5 Nxd5 
9.cxd5 Nc5 10.e4 O-O 11.Be3 Na6 12.f3 Bh4+ 13.g3 Bg5 14.f4 exf4 15.gxf4 
Bh4+ 16.Kd2 fxe4 17.dxe4 Nb4 18.Qc4 b6 19.a3 Ba6 20.Qb3 Bxe2 21.Nxe2 Na6 
22.Qc2 Qd7 23.Rhg1 Nc5 24.f5 Rae8 25.Bxc5 bxc5 26.Rg4 Bf6 27.Nf4 Rb8 28.
Rb1 Qe7 29.Ne6 Rf7 30.a4 Rb4 31.b3 h6 32.Rg6 Bd4 33.Rf1 Qh4 34.Kc1 Qh3 35.
Rd1 Rxb3 36.Rg3 Rxg3 37.hxg3 Be5 38.Rd3 Qf1+ 39.Qd1 Qxd1+ 40.Kxd1 Kh7 41.
Rb3 g6 42.g4 h5 43.fxg6+ Kxg6 44.gxh5+ Kxh5 45.Ke2 c4 46.Rf3 Rxf3 47.Kxf3 
c3 48.Ke3 Kg4 49.Nxc7 c2 50.Kd2 Kf4 51.Kxc2 Kxe4 52.Kd2 Kd4 53.Kc2 Kc4 54.
Na6 Kxd5 55.Kb3 Kd4 56.Nb4 axb4 57.Kxb4 d5 58.a5 Bb8 59.a6 Ba7 60.Kb3 Kc5 
0-1

[Event "R1 Millau-Albi2"]
[Site "Millau"]
[Date "2004.11.07"]
[Round "2.1"]
[White "Carriere, Jean-Philippe"]
[Black "Eb-Levadoux, Yvan"]
[Result "0-1"]
[WhiteElo "1945"]
[BlackElo "1740"]
[EventDate "2004.??.??"]
[PlyCount "40"]

1.e4 e5 2.Nf3 Nc6 3.d4 exd4 4.Nxd4 Bc5 5.Nxc6 bxc6 6.Bc4 d6 7.O-O Nf6 8.
Nc3 O-O 9.Bg5 h6 10.Bh4 Be6 11.Bxe6 fxe6 12.e5 dxe5 13.Qxd8 Raxd8 14.Rad1 
g5 15.Bg3 Bd4 16.Na4 Ne4 17.Rd3 h5 18.h4 Nxg3 19.Rxg3 g4 20.c3 Bxf2+ 0-1

[Event "R1 Luchon-Gambit Muret2"]
[Site "Luchon"]
[Date "2004.11.07"]
[Round "2.6"]
[White "Rouquet, Remi"]
[Black "Moreau, Maximilien"]
[Result "1/2-1/2"]
[WhiteElo "1290"]
[BlackElo "1520"]
[EventDate "2004.??.??"]
[PlyCount "61"]

1.e4 c6 2.d4 d5 3.e5 Bf5 4.Nf3 e6 5.Nc3 Bb4 6.Bd2 Ne7 7.a3 Ba5 8.Be2 O-O 
9.O-O Nd7 10.h3 a6 11.Re1 Bb6 12.Be3 Rc8 13.Rb1 h6 14.b4 Bh7 15.Bd3 Nf5 
16.Na4 Ba7 17.c4 dxc4 18.Bxc4 Nxe3 19.Rxe3 Bxb1 20.Qxb1 b5 21.Bb3 bxa4 22.
Bxa4 Nb6 23.Bb3 Nd5 24.Re2 Nc3 25.Qc2 Nxe2+ 26.Qxe2 Bxd4 27.Qe4 Ba7 28.Bc2
g6 29.h4 h5 30.g4 Qd5 31.Qf4 1/2-1/2

[Event "R1 Luchon-Gambit Muret2"]
[Site "Luchon"]
[Date "2004.11.07"]
[Round "2.5"]
[White "Lefauqueur, Alain"]
[Black "Le Digabel, Patrick"]
[Result "0-1"]
[WhiteElo "1440"]
[BlackElo "1510"]
[EventDate "2004.??.??"]
[PlyCount "80"]

1.e4 e6 2.d4 d5 3.exd5 exd5 4.c4 Nf6 5.Nc3 Bb4 6.Nf3 O-O 7.Bd2 Bg4 8.Be2 
Nc6 9.O-O Re8 10.Re1 dxc4 11.Nb5 a6 12.Bxb4 Nxb4 13.Nc3 c6 14.Bxc4 Rxe1+ 
15.Qxe1 Bxf3 16.gxf3 Nc2 17.Qd1 Nxa1 18.Qxa1 Qxd4 19.Bb3 Re8 20.Qf1 b5 21.
Nd1 Qb4 22.Ne3 c5 23.Qh3 g6 24.Qg3 c4 25.Bc2 Qxb2 26.f4 Nh5 27.Qg5 Qc1+ 
28.Kg2 Rxe3 29.Qd8+ Kg7 30.Qd4+ Kh6 31.Qxe3 Qxc2 32.Kf3 Qf5 33.Kg2 Qxf4 
34.Qc5 Qe4+ 35.Kg1 Nf4 36.Qf8+ Kg5 37.Qc5+ f5 38.h4+ Kxh4 39.f3 Qe1+ 40.
Kh2 Qg3+ 0-1

[Event "R1 Luchon-Gambit Muret2"]
[Site "Luchon"]
[Date "2004.11.07"]
[Round "2.4"]
[White "Callejon, Bernard"]
[Black "Durand, Christian"]
[Result "1-0"]
[WhiteElo "1530"]
[BlackElo "1499"]
[EventDate "2004.??.??"]
[PlyCount "102"]

1.d4 Nf6 2.c4 e6 3.Nc3 Bb4 4.Qc2 h6 5.e4 Bxc3+ 6.bxc3 O-O 7.Bd3 d6 8.Nf3 
Nbd7 9.O-O e5 10.Ba3 c5 11.dxe5 Ne8 12.exd6 Nxd6 13.e5 Ne8 14.Rad1 Nc7 15.
Bxc5 Re8 16.Rfe1 Kh8 17.Bd4 Ne6 18.Qc1 Ng5 19.Nxg5 hxg5 20.f4 gxf4 21.Qxf4
Qe7 22.Qg3 Nf8 23.c5 Be6 24.a4 a6 25.a5 Bd5 26.Be4 Bc6 27.Bxc6 bxc6 28.Rb1
Nd7 29.h4 Nxc5 30.h5 Ne6 31.Bb6 Rg8 32.Rbd1 c5 33.Rd6 Rae8 34.Red1 Ng5 35.
R6d5 Ne4 36.Qh3 Qg5 37.e6 Qf6 38.Rf1 Qxe6 39.Qxe6 fxe6 40.Rd7 Nxc3 41.Bxc5
e5 42.Rff7 Rc8 43.Rc7 Rxc7 44.Rxc7 Kh7 45.Be3 Ne2+ 46.Kf2 Nf4 47.Bxf4 exf4
48.Kf3 Rf8 49.Rc6 Rf6 50.Rxf6 gxf6 51.Kxf4 Kh6 1-0

[Event "R1 Luchon-Gambit Muret2"]
[Site "Luchon"]
[Date "2004.11.07"]
[Round "2.3"]
[White "Miquel, Pierre"]
[Black "Boussely, Jack"]
[Result "1/2-1/2"]
[WhiteElo "1440"]
[BlackElo "1660"]
[EventDate "2004.??.??"]
[PlyCount "90"]

1.d4 Nf6 2.Nf3 d5 3.Bf4 c6 4.c3 g6 5.Nbd2 Bg7 6.e3 O-O 7.Bd3 Nbd7 8.h3 Re8
9.Ne5 Bh8 10.g4 Nf8 11.Qf3 Be6 12.h4 N8d7 13.Rg1 Nxe5 14.Bxe5 Qd7 15.Bxf6 
exf6 16.O-O-O Bg7 17.Rde1 b6 18.Qd1 Rac8 19.f3 f5 20.gxf5 Bxf5 21.Qc2 Bxd3
22.Qxd3 Re7 23.Rg2 Rce8 24.e4 Qh3 25.Qe2 dxe4 26.fxe4 Bh6 27.Rh2 Qe6 28.b3
Bxd2+ 29.Qxd2 f5 30.e5 Rf8 31.Qf4 Rff7 32.Rg1 Rg7 33.Kb2 Qd5 34.Re2 Re6 
35.h5 Qd7 36.Reg2 Qe7 37.hxg6 hxg6 38.Rg5 Qf7 39.R1g3 Kf8 40.Rh3 Rh7 41.
Qh2 Rxh3 42.Qxh3 Qg7 43.Rg1 Re7 44.Qg3 Re6 45.Qg5 Kf7 1/2-1/2

[Event "R1 Luchon-Gambit Muret2"]
[Site "Luchon"]
[Date "2004.11.07"]
[Round "2.2"]
[White "Fora, Jean-Paul"]
[Black "Lloveras, Jean-Jacques"]
[Result "1-0"]
[WhiteElo "1610"]
[BlackElo "1550"]
[EventDate "2004.??.??"]
[PlyCount "65"]

1.c4 e5 2.Nc3 Nf6 3.Nf3 d6 4.g3 g6 5.Bg2 Bg7 6.d3 O-O 7.b4 a6 8.O-O Nbd7 
9.Rb1 Re8 10.Qb3 c6 11.Na4 b5 12.cxb5 axb5 13.Nc3 Nb6 14.e3 Be6 15.Qc2 Qc7
16.Nxb5 Qd7 17.Nc3 Qc7 18.Ne1 d5 19.a3 d4 20.exd4 Nfd5 21.dxe5 Bxe5 22.Ne4
Bg7 23.Nc5 Bf5 24.Bb2 f6 25.Nf3 Rac8 26.Nd4 Bd7 27.Rfe1 f5 28.Nde6 Bxe6 
29.Nxe6 Rxe6 30.Rxe6 Ne7 31.Bxg7 Kxg7 32.Rbe1 Re8 33.Qc3+ 1-0

[Event "R1 Luchon-Gambit Muret2"]
[Site "Luchon"]
[Date "2004.11.07"]
[Round "2.1"]
[White "Moreau, Philippe"]
[Black "Phan, Van-Chuong"]
[Result "1/2-1/2"]
[WhiteElo "1780"]
[BlackElo "1790"]
[EventDate "2004.??.??"]
[PlyCount "103"]

1.e4 e6 2.d4 d5 3.e5 c5 4.c3 Nc6 5.Nf3 Qb6 6.Bd3 Bd7 7.Bc2 cxd4 8.cxd4 Nb4
9.Ba4 Bxa4 10.Qxa4+ Qc6 11.Qxc6+ bxc6 12.Na3 Nd3+ 13.Ke2 Nxc1+ 14.Rhxc1 
Bxa3 15.bxa3 Ne7 16.Rab1 O-O 17.Rb7 Rfe8 18.Rcb1 h6 19.Rc7 Kf8 20.Rbb7 a5 
21.a4 g5 22.Nd2 Rac8 23.Nb3 Rxc7 24.Rxc7 Rb8 25.Ra7 c5 26.Nxc5 Rb2+ 27.Kf3
Nc6 28.Ra8+ Kg7 29.Ke3 Rxa2 30.Ra6 Ra3+ 31.Kd2 Nxd4 32.Rxa5 Nc6 33.Rb5 
Nxe5 34.Rb7 Kg6 35.Kc2 d4 36.Rb3 Ra1 37.Rb1 Rxb1 38.Kxb1 Nc6 39.Kc2 e5 40.
g4 h5 41.h3 hxg4 42.hxg4 Kf6 43.Kd3 Ke7 44.Kc4 f6 45.Kb5 Nb8 46.a5 Nd7 47.
Ne4 Nb8 48.a6 Nxa6 49.Kxa6 Ke6 50.Kb5 f5 51.Nc5+ Kf6 52.Nd7+ 1/2-1/2

[Event "R1 EVT2-Montauban2"]
[Site "Montauban"]
[Date "2004.11.07"]
[Round "2.6"]
[White "Rashoev, Rezo"]
[Black "Delachoux, Didier"]
[Result "1-0"]
[WhiteElo "1390"]
[BlackElo "1280"]
[EventDate "2004.??.??"]
[PlyCount "59"]

1.d4 d5 2.g3 Nf6 3.Bg2 c6 4.Nf3 Bf5 5.Nc3 e6 6.O-O Bb4 7.a3 Bxc3 8.bxc3 
O-O 9.Nh4 Bg4 10.f3 Bh5 11.g4 Nxg4 12.fxg4 Bxg4 13.Nf3 Nd7 14.Qe1 Bf5 15.
Qg3 f6 16.Nh4 Bxc2 17.Ra2 Bb3 18.Rb2 Bc4 19.Rxb7 Bxe2 20.Re1 Qc8 21.Rb2 
Bh5 22.Rxe6 Bf7 23.Re7 Qd8 24.Nf5 g6 25.Nh6+ Kg7 26.Rbe2 Nb6 27.Rc7 g5 28.
Nf5+ Kg6 29.Ne7+ Kg7 30.Nxc6 1-0

[Event "R1 EVT2-Montauban2"]
[Site "Montauban"]
[Date "2004.11.07"]
[Round "2.5"]
[White "Souyri, Pierre"]
[Black "Mosset, Claude"]
[Result "1-0"]
[WhiteElo "1299"]
[BlackElo "1350"]
[EventDate "2004.??.??"]
[PlyCount "81"]

1.e4 e5 2.Nc3 Nf6 3.Nf3 d6 4.Bc4 h6 5.h3 Nbd7 6.d3 a6 7.a3 Nb6 8.Bb3 c6 9.
Be3 Nbd7 10.d4 Qa5 11.O-O c5 12.dxe5 dxe5 13.Re1 b5 14.Ba2 Bb7 15.Bd2 b4 
16.Nd5 Bxd5 17.Bxd5 Nxd5 18.exd5 Bd6 19.axb4 Qc7 20.b5 a5 21.Nh4 Nf6 22.c4
O-O 23.Qf3 Rfe8 24.Nf5 Kh7 25.Qg3 Bf8 26.Bc3 Nh5 27.Qd3 g6 28.Ng3 Nxg3 29.
Qxg3 Bd6 30.Re4 f5 31.Re2 e4 32.Qe3 Bf4 33.Be5 Qxe5 34.Qxc5 Rac8 35.Qa3 e3
36.f3 Rxc4 37.Qxa5 Qxd5 38.Qb6 Qd3 39.Kf1 Rc2 40.Ra7+ Kg8 41.Qxg6+ 1-0

[Event "R1 CEIT5-Blaye"]
[Site "Blaye les mines"]
[Date "2004.11.07"]
[Round "2.5"]
[White "Guirand, Solal"]
[Black "Valade, Patrick"]
[Result "0-1"]
[WhiteElo "1499"]
[BlackElo "1610"]
[EventDate "2004.??.??"]
[PlyCount "94"]

1.c4 Nf6 2.Nf3 e6 3.Nc3 Nc6 4.g3 Be7 5.Bg2 O-O 6.O-O a6 7.d4 d5 8.b3 dxc4 
9.bxc4 Bb4 10.Bb2 Qd7 11.Re1 Rd8 12.e3 Ne7 13.Ne5 Qe8 14.e4 Rb8 15.Re2 Nd7
16.Nxd7 Rxd7 17.d5 Rd8 18.Qc2 c6 19.Rd1 cxd5 20.exd5 Qf8 21.Rd4 Bc5 22.Rg4
exd5 23.Rh4 Ng6 24.Rh5 Bg4 25.Rxd5 Bxe2 26.Qxe2 Rxd5 27.Bxd5 Bd4 28.Ne4 
Bxb2 29.Qxb2 Ne7 30.Ng5 Nxd5 31.cxd5 Qe7 32.h4 h6 33.Nh3 Rc8 34.Kf1 Qe4 
35.Qd2 Qh1+ 36.Ng1 Qe4 37.Ne2 Rc2 38.Qd1 Qc4 39.d6 Qxa2 40.d7 Rd2 41.d8=Q+
Rxd8 42.Qxd8+ Kh7 43.Kg2 Qxe2 44.Qb6 Qb5 45.Qe3 a5 46.Qe4+ Kg8 47.Kf3 Qc6 
0-1

[Event "R1 CEIT5-Blaye"]
[Site "Blaye les mines"]
[Date "2004.11.07"]
[Round "2.4"]
[White "Grard, Alain"]
[Black "Ghoumari, Ahmed"]
[Result "1/2-1/2"]
[WhiteElo "1630"]
[BlackElo "1499"]
[EventDate "2004.??.??"]
[PlyCount "62"]

1.e4 e5 2.Nf3 Nc6 3.d4 exd4 4.Bc4 Nge7 5.Ng5 d5 6.exd5 Na5 7.Bb5+ c6 8.
dxc6 Naxc6 9.O-O h6 10.Nf3 a6 11.Ba4 b5 12.Bb3 Bg4 13.Re1 g6 14.h3 Bf5 15.
Nh4 Bd7 16.Qf3 Rh7 17.Qf6 Qc7 18.Nxg6 O-O-O 19.Nxe7+ Nxe7 20.Qxa6+ Qb7 21.
Qxb7+ Kxb7 22.Bf4 Bc6 23.Nd2 f5 24.a4 Ng6 25.Bh2 Bb4 26.axb5 Bxb5 27.Rad1 
Bc6 28.Re6 Rg7 29.Nf1 Bxg2 30.Ng3 Bxh3 31.Nh5 Rgg8 1/2-1/2

[Event "R1 CEIT5-Blaye"]
[Site "Blaye les Mines"]
[Date "2004.11.07"]
[Round "2.6"]
[White "Devals, Nicolas"]
[Black "Dahbi, Ahmed"]
[Result "1-0"]
[WhiteElo "1199"]
[BlackElo "1480"]
[EventDate "2004.??.??"]
[PlyCount "65"]

1.e4 c5 2.Nf3 Nc6 3.d4 cxd4 4.Nxd4 Nf6 5.Nc3 d6 6.f3 g6 7.Be3 Bg7 8.Qd2 
O-O 9.O-O-O Bd7 10.Nxc6 Bxc6 11.Bh6 a6 12.Bxg7 Kxg7 13.g4 b5 14.h4 Rh8 15.
h5 b4 16.Nb1 Qa5 17.a3 Rab8 18.hxg6 fxg6 19.Qh6+ Kf7 20.Bc4+ d5 21.exd5 
Bxd5 22.Qg5 Rbd8 23.axb4 Qb6 24.Bxd5+ e6 25.Bb3 Rxd1+ 26.Rxd1 Qxb4 27.Qe5 
Qe7 28.g5 Nd7 29.Qxh8 Qxg5+ 30.Nd2 Ne5 31.Qxh7+ Kf6 32.Qa7 Nxf3 33.Qf2 1-0

[Event "R1 CEIT5-Blaye"]
[Site "Blaye les Mines"]
[Date "2004.11.07"]
[Round "2.3"]
[White "Lelegard, Jean-Francois"]
[Black "Valat, Jean-Marie"]
[Result "1-0"]
[WhiteElo "1550"]
[BlackElo "1590"]
[EventDate "2004.??.??"]
[PlyCount "50"]

1.e4 e5 2.Nf3 Nc6 3.d4 exd4 4.Nxd4 d6 5.Nc3 Nf6 6.Bg5 Nxd4 7.Qxd4 Be7 8.
O-O-O O-O 9.Be2 Be6 10.h4 h6 11.Bf4 c5 12.Qe3 Kh7 13.e5 Ng8 14.exd6 Bf6 
15.Bd3+ g6 16.h5 Bd4 17.hxg6+ fxg6 18.Qxe6 Qf6 19.Qxf6 Rxf6 20.Nd5 Rf7 21.
Be3 Kg7 22.Bxd4+ cxd4 23.Nc7 Rb8 24.Rh4 Rd7 25.Rxd4 Re8 1-0

[Event "R1 CEIT5-Blaye"]
[Site "Blaye les Mines"]
[Date "2004.11.07"]
[Round "2.2"]
[White "Jalras, Laurent"]
[Black "Benayoun, David"]
[Result "1-0"]
[WhiteElo "1720"]
[BlackElo "1600"]
[EventDate "2004.??.??"]
[PlyCount "71"]

1.e4 e5 2.f4 Nc6 3.Nf3 exf4 4.Bc4 Qf6 5.Nc3 Ne5 6.Nd5 Nxf3+ 7.Qxf3 Qe5 8.
d3 g5 9.c3 c6 10.d4 Qb8 11.Nxf4 Nh6 12.Nh5 Be7 13.Nf6+ Kd8 14.Bxg5 Ng8 15.
Bxf7 Nxf6 16.Bxf6 Rf8 17.O-O Rxf7 18.Bxe7+ Rxe7 19.Qf8+ Re8 20.Qf6+ Kc7 
21.e5 Re6 22.Qg7 h6 23.Rf6 Kb6 24.Rxe6 dxe6 25.c4 Qc7 26.c5+ Ka6 27.Qxc7 
b6 28.a4 Bb7 29.b4 Bc8 30.b5+ Ka5 31.Qxc6 Rb8 32.cxb6 Kb4 33.Qc5+ Kb3 34.
Ra3+ Kb2 35.Qc3+ Kb1 36.Ra1# 1-0

[Event "R1 CEIT5-Blaye"]
[Site "Blaye les Mines"]
[Date "2004.11.07"]
[Round "2.1"]
[White "Muneret, Maurice"]
[Black "Olle, Jean-Pierre"]
[Result "1-0"]
[WhiteElo "1760"]
[BlackElo "1760"]
[EventDate "2004.??.??"]
[PlyCount "71"]

1.e4 c5 2.Nf3 d6 3.d4 cxd4 4.Nxd4 Nf6 5.Nc3 e6 6.Be2 Be7 7.O-O a6 8.a4 Qc7
9.a5 b5 10.axb6 Qxb6 11.Nb3 Nc6 12.Be3 Qc7 13.Nb5 Qb8 14.N5d4 Nxd4 15.Qxd4
O-O 16.f3 Qc7 17.Qc4 Qxc4 18.Bxc4 d5 19.exd5 Nxd5 20.Bxd5 exd5 21.Bc5 
Bxc5+ 22.Nxc5 Bf5 23.c3 a5 24.Rfd1 Be6 25.Kf2 Rfb8 26.Rd2 Rb5 27.b4 Rab8 
28.Rxa5 Rxa5 29.bxa5 Rb5 30.Nxe6 fxe6 31.Ra2 Rb7 32.f4 Kf7 33.a6 Ra7 34.
Ke3 Ke7 35.Kd4 Kd6 36.h3 1-0

[Event "NAT4-R2- Condom / Foix"]
[Site "?"]
[Date "2004.11.07"]
[Round "2"]
[White "Verwaerde, Hervé"]
[Black "Jacob, Claude"]
[Result "1-0"]
[WhiteElo "1680"]
[BlackElo "1670"]
[EventDate "2004.??.??"]
[PlyCount "49"]

1.e4 e5 2.Nf3 Nc6 3.d4 exd4 4.Bc4 Bc5 5.c3 dxc3 6.Bxf7+ Kxf7 7.Qd5+ Ke8 8.
Qxc5 Nf6 9.Nxc3 d6 10.Qc4 Qe7 11.O-O Ne5 12.Nxe5 dxe5 13.Bg5 c6 14.Rad1 
Be6 15.Qa4 Kf7 16.f4 Qc5+ 17.Kh1 Rhf8 18.fxe5 Qxe5 19.Bf4 Qh5 20.Bd6 Kg8 
21.Bxf8 Rxf8 22.Qxa7 Bc8 23.Qf2 Re8 24.Qg3 h6 25.Rxf6 1-0

[Event "NAT4-R2- Condom / Foix"]
[Site "?"]
[Date "2004.11.07"]
[Round "2"]
[White "Masot, Liberto"]
[Black "Rauzieres, Guy"]
[Result "0-1"]
[WhiteElo "1760"]
[BlackElo "1740"]
[EventDate "2004.??.??"]
[PlyCount "113"]

1.d4 Nf6 2.Nf3 e6 3.e3 d5 4.Bd3 c5 5.c3 c4 6.Bc2 Nc6 7.Nbd2 Bd6 8.e4 Bc7 
9.e5 Nd7 10.O-O Qe7 11.Re1 Nb6 12.Nf1 Bd7 13.b3 a5 14.Qe2 f6 15.Bf4 f5 16.
Ng3 O-O 17.h4 Be8 18.h5 Bd8 19.h6 g6 20.Ng5 Rc8 21.Qd2 Kh8 22.Nf1 Qd7 23.
Ne3 Ne7 24.bxc4 Nxc4 25.Nxc4 dxc4 26.Nf3 Nd5 27.Reb1 b6 28.Bg5 Be7 29.Bxe7
Qxe7 30.a4 Bd7 31.Nh2 Rb8 32.Nf1 Bc6 33.Bd1 g5 34.Ne3 Nxe3 35.Qxe3 f4 36.
Qh3 Be4 37.Rb2 Bf5 38.Bg4 Rb7 39.Bxf5 exf5 40.Qf3 Rf7 41.Rb5 Qe6 42.Qd5 
Qxh6 43.Qxc4 g4 44.Rab1 g3 45.Kf1 Qh1+ 46.Ke2 Qxg2 47.Rf1 Qe4+ 48.Kd2 g2 
49.Rg1 f3 50.Rd5 Rbc7 51.Rd8+ Kg7 52.Qb5 Rxc3 53.Kxc3 Rc7+ 54.Qc4 Rxc4+ 
55.Kxc4 Qe2+ 56.Kd5 Qxf2 57.Rc1 0-1

[Event "NAT4-R2- Condom / Foix"]
[Site "?"]
[Date "2004.11.07"]
[Round "2"]
[White "Martin, Stephane"]
[Black "Molet, Patrice"]
[Result "1-0"]
[WhiteElo "1640"]
[BlackElo "1499"]
[EventDate "2004.??.??"]
[PlyCount "77"]

1.e4 c5 2.Nc3 Nc6 3.Nf3 e6 4.d4 cxd4 5.Nxd4 Bb4 6.Nxc6 bxc6 7.Qd4 Bxc3+ 8.
Qxc3 Nf6 9.e5 Ne4 10.Qe3 Qa5+ 11.c3 d5 12.f3 Nc5 13.b4 Qa4 14.Qxc5 Ba6 15.
Bxa6 Qxa6 16.a4 Rc8 17.b5 cxb5 18.Qxb5+ Qxb5 19.axb5 Rxc3 20.O-O O-O 21.
Rxa7 Rfc8 22.Kf2 Rb3 23.Ra5 Rc2+ 24.Kg1 h6 25.Ra1 Rxb5 26.Rf2 Rc4 27.Re2 
d4 28.Kf2 Kh7 29.f4 d3 30.Rea2 Rd5 31.Ke3 Rc2 32.Bd2 Kg6 33.Rxc2 dxc2 34.
Rc1 Rc5 35.Kd3 Kf5 36.Rxc2 Rxc2 37.Kxc2 Ke4 38.Kc3 h5 39.h4 1-0

[Event "NAT4-R2- Condom / Foix"]
[Site "?"]
[Date "2004.11.07"]
[Round "2"]
[White "Calatrava, Julian"]
[Black "Mauge, Christian"]
[Result "1-0"]
[WhiteElo "1690"]
[BlackElo "1720"]
[EventDate "2004.??.??"]
[PlyCount "54"]

1.e4 b6 2.d4 e6 3.c4 Bb7 4.Bd3 Nf6 5.Bg5 Be7 6.Nc3 h6 7.Bh4 g5 8.Bg3 Bb4 
9.Qc2 Bxc3+ 10.bxc3 d6 11.Nh3 Nh5 12.O-O Nd7 13.Qe2 Nxg3 14.fxg3 Qe7 15.a4
e5 16.Rf5 O-O-O 17.a5 f6 18.axb6 cxb6 19.Rxa7 Kc7 20.c5 bxc5 21.Ba6 Rb8 
22.Qc4 Qd8 23.d5 Kc8 24.Bb5 Ra8 25.Qa4 Rxa7 26.Qxa7 Nb8 27.Rf1 c4 $4 {La 
suite de la partie est fausse. Une seule feuille de partie.} 1-0

[Event "NAT4-R2- Condom / Foix"]
[Site "?"]
[Date "2004.11.07"]
[Round "2"]
[White "Beaurain, Louis"]
[Black "Evrard, Emmanuel"]
[Result "0-1"]
[WhiteElo "1930"]
[BlackElo "1750"]
[EventDate "2004.??.??"]
[PlyCount "60"]

1.d4 Nf6 2.Nf3 d6 3.Bf4 g6 4.e3 Bg7 5.Be2 O-O 6.O-O Nbd7 7.c3 b6 8.Nbd2 
Bb7 9.Re1 h6 10.h3 Nh5 11.Bh2 f5 12.Nh4 Qe8 13.Bxh5 gxh5 14.Nf1 e6 15.Qb3 
Kh7 16.Nd2 Bf6 17.Nhf3 Rg8 18.e4 Qg6 19.g3 fxe4 20.Qxe6 Nf8 21.Qc4 exf3 
22.Qxc7+ Rg7 23.Qxd6 Rd8 24.Qa3 Qc2 25.Nf1 Ng6 26.Re6 Nf4 27.Ne3 Nxh3+ 28.
Kh1 Nxf2+ 29.Kg1 Nh3+ 30.Kh1 Qg2+ 0-1

[Event "NAT4-R2- Condom / Foix"]
[Site "?"]
[Date "2004.11.07"]
[Round "2"]
[White "Aspinall, John"]
[Black "Lanllier, Bruno"]
[Result "0-1"]
[WhiteElo "1920"]
[BlackElo "1940"]
[EventDate "2004.??.??"]
[PlyCount "50"]

1.d3 d6 2.e4 Nf6 3.g3 g6 4.Bg2 Bg7 5.f4 e5 6.fxe5 dxe5 7.Nf3 Bg4 8.c3 Nc6 
9.O-O Qd7 10.Qc2 O-O-O 11.Ne1 h6 12.Be3 Bh3 13.Nd2 Bxg2 14.Kxg2 Ng4 15.Bg1
f5 16.h3 Nf6 17.Be3 Nh5 18.exf5 gxf5 19.Qd1 Nxg3 20.Kxg3 f4+ 21.Rxf4 exf4+
22.Bxf4 Be5 23.Bxe5 Nxe5 24.d4 Rhg8+ 25.Kh2 Qg7 0-1

[Event "NAT4 -R2- Condom / Foix"]
[Site "?"]
[Date "2004.11.07"]
[Round "2"]
[White "Luneau, Gilles"]
[Black "Pagnoncelli, Hervé"]
[Result "0-1"]
[WhiteElo "1950"]
[BlackElo "1900"]
[EventDate "2004.??.??"]
[PlyCount "98"]

1.c4 Nf6 2.Nc3 d5 3.cxd5 Nxd5 4.g3 Nxc3 5.bxc3 e5 6.Bg2 Nc6 7.e3 Be6 8.Ne2
Qd3 9.Bb2 Bc4 10.Nc1 Qd7 11.d3 Rd8 12.O-O Bxd3 13.Nxd3 Qxd3 14.Bxc6+ bxc6 
15.Qa4 Qb5 16.Qc2 Qc4 17.Qb3 Qxb3 18.axb3 Ra8 19.Ra6 Bd6 20.Rxc6 Rb8 21.b4
a5 22.Ba3 axb4 23.Bxb4 Kd7 24.Rc4 Rb7 25.Bxd6 cxd6 26.Rd1 Rc7 27.Rxc7+ 
Kxc7 28.Ra1 Rb8 29.Ra7+ Rb7 30.Rxb7+ Kxb7 31.e4 Kc6 32.Kf1 Kc5 33.Ke2 Kc4 
34.Kd2 h5 35.h3 g5 36.f3 f6 37.Kc2 d5 38.exd5 Kxd5 39.Kd3 f5 40.c4+ Kc5 
41.Ke3 f4+ 42.gxf4 exf4+ 43.Ke4 Kxc4 44.Kf5 Kd4 45.h4 gxh4 46.Kxf4 Kd3 47.
Kg5 h3 48.Kf4 h2 49.Kg5 h1=Q 0-1